| 000 | 00926nam a2200289 i 4500 | ||
|---|---|---|---|
| 001 | bg | ||
| 003 | BPK | ||
| 005 | 20260604063223.0 | ||
| 008 | 100609s1993 pl a f |000 0 pol | ||
| 015 | _aPB 2010/20585 | ||
| 020 | _a837115027X | ||
| 040 |
_aWA N _cBPK |
||
| 080 | _a502 | ||
| 080 | _a(075.3) | ||
| 100 | 1 |
_aKalinowska, Anna _c(ekologia) |
|
| 245 | 1 | 0 |
_aEkologia - wybór przyszłości / _cAnna Kalinowska. |
| 250 | _aWyd. 2. | ||
| 260 |
_aWarszawa : _bEditions Spotkania, _c[1993]. |
||
| 300 |
_a375, [1] s. : _bil., err. ; _c22 cm. |
||
| 504 | _aBibliogr. s. 356-365. | ||
| 510 | 3 | _aRok wyd. na podstawie ost. pozycji w bibliogr. 1993 r. | |
| 650 | 4 | _aEdukacja ekologiczna | |
| 650 | 4 | _aSzkoły średnie | |
| 655 | 4 | _aPodręczniki dla szkół średnich | |
| 856 |
_uhttp://koha.tu.koszalin.pl/cgi-bin/koha/opac-detail.pl?biblionumber=6942 _yKatalog online BPK |
||
| 942 |
_2UKD _cKS |
||
| 999 |
_c6942 _d6942 |
||